| 000 | 00828nam a2200193Ia 4500 | ||
|---|---|---|---|
| 999 |
_c12329 _d12329 |
||
| 005 | 20240809174855.0 | ||
| 008 | 240808s9999 xx 000 0 und d | ||
| 040 |
_aUPAN _cBiblioteca San Vicente _eRCAA2 |
||
| 041 | _aspa | ||
| 082 |
_a381 _bMar _c2022 |
||
| 100 |
_aMartínez Castro, Henry Rolando _4aut. |
||
| 245 | 0 | _aGuía práctica de aplicación contable de la criptomoneda bitcoin como inversión para las empresas del sector comercio en el municipio de San Vicente, en el periodo correspondiente de agosto del 2021 a enero del 2022 | |
| 260 |
_aSan Vicente: _bUniversidad Panamericana, _c2022 |
||
| 300 |
_a186 p.; _c28 cm. |
||
| 650 |
_2LEMB _aAplicación contable _xCriptomoneda bitcoin |
||
| 700 |
_aRodríguez Orantes, Silvia María; _4aut. |
||
| 700 |
_aAlvarado Ayala, Guadalupe del Carmen _4aut. |
||
| 942 |
_cBK _2ddc |
||